000 00965nam a2200301Ia 4500
003 OSt
005 20221006160348.0
006 a|||||r|||| 00| 0
007 ta
008 221006b |||||||| |||| 00| 0 eng d
020 _a9780745332994
_c£18.99
024 _a45,049
037 _b124/2013-14, 14/03/2014, Pioneer Book Distributor
_cTextual
040 _aEASL
_cEASL
_beng
041 _2eng
_aeng
082 _aG:550aW.41, Q3
100 _aZhang Joy Y
_9673032
245 0 _aGreen politics in China
_b Environmental governance and state-society relation
260 _aLondon
_bPluto Press
_c2013
300 _a168p.
_ccm.
490 _v CEL
650 _a CEL
650 _a Green leap forward
_9673033
650 _aConformist rebels
_9673034
700 _a Barr Michael
_9397731
942 _hG:550aW.41, Q3
_cTEXL
_2CC
999 _c1113141
_d1113141